Ułóż z rozsypanki liter marke samochodu - Statystyki

Ogólne statystyki
  • Ten quiz został rozwiązany 205 razy
  • Średni wynik to 9 z 12
Statystyki odpowiedzi
Hint Odpowiedź % Poprawnych
lpoe Opel
97%
rfdo Ford
95%
eoddg Dodge
92%
engra overr Range Rover
88%
ehtlvorec Chevrolet
86%
cdaai Dacia
83%
rerfiar Ferrari
82%
flaa mrooe Alfa Romeo
77%
kdsao Skoda
69%
ocevi Iveco
55%
ncsaai Scania
30%
jamnior Porshe
3%
Nie znaleziono quizów pasujących do podanych kryteriów
Rozkład punktacji
Procent ludzi z każdym wynikiem
Percentyl według liczby udzielonych odpowiedzi
Twoja historia wyników
Nie rozwiązałeś tego quizu